Welcome to CU Library Online Public Access Catalogue (OPAC)

Environmental design of urban buildings : (Record no. 8330)

MARC details
000 -LEADER
fixed length control field 00805cam a22002174a 4500
001 - CONTROL NUMBER
control field 14383425
005 - DATE AND TIME OF LATEST TRANSACTION
control field 20251122140613.0
008 - FIXED-LENGTH DATA ELEMENTS--GENERAL INFORMATION
fixed length control field 060519s2006 enkab b 001 0 eng
020 ## - INTERNATIONAL STANDARD BOOK NUMBER
International Standard Book Number 9781902916422
Qualifying information hardback
020 ## - INTERNATIONAL STANDARD BOOK NUMBER
International Standard Book Number 1902916425
Qualifying information hardback
050 00 - LIBRARY OF CONGRESS CALL NUMBER
Classification number TH6021
Item number .E66 2006
082 00 - DEWEY DECIMAL CLASSIFICATION NUMBER
Classification number 720/.47
Edition information 22
245 00 - TITLE STATEMENT
Title Environmental design of urban buildings :
Remainder of title an integrated approach /
Statement of responsibility, etc. edited by Mat Santamouris.
260 ## - PUBLICATION, DISTRIBUTION, ETC.
Place of publication, distribution, etc. London ;
-- Sterling, VA :
Name of publisher, distributor, etc. Earthscan,
Date of publication, distribution, etc. 2006.
300 ## - PHYSICAL DESCRIPTION
Extent xviii, 322 p. :
Other physical details ill., maps, ;
Dimensions 26 cm. +
Accompanying material 1 CD-ROM (4 3/4 in.)
650 #0 - SUBJECT ADDED ENTRY--TOPICAL TERM
Topical term or geographic name entry element Buildings
General subdivision Environmental engineering.
650 #0 - SUBJECT ADDED ENTRY--TOPICAL TERM
Topical term or geographic name entry element City planning.
700 1# - ADDED ENTRY--PERSONAL NAME
Personal name Santamouris, M.
Fuller form of name (Matheos),
Dates associated with a name 1956-
856 41 - ELECTRONIC LOCATION AND ACCESS
Materials specified Table of contents only
Uniform Resource Identifier <a href="http://www.loc.gov/catdir/toc/ecip0614/2006016809.html">http://www.loc.gov/catdir/toc/ecip0614/2006016809.html</a>
942 ## - ADDED ENTRY ELEMENTS (KOHA)
Source of classification or shelving scheme Library of Congress Classification
Koha item type Books
Suppress in OPAC No
999 ## -
-- 8330
-- 8330
Holdings
Withdrawn status Lost status Source of classification or shelving scheme Damaged status Not for loan Collection Home library Current library Shelving location Date acquired Total checkouts Full call number Barcode Date last seen Copy number Price effective from Koha item type
    Library of Congress Classification     Non-fiction Science Library (Miotso) Science Library (Miotso) General stacks 11/22/2025   TH6021 .E66 ENV SLM00005993 11/22/2025 1 11/22/2025 Books
© 2023-2024 Copyright: Central University Libraries. All Rights Reserved | Created by: Mahone Tech Office